| 000 | 00428nam a22001817a 4500 | ||
|---|---|---|---|
| 005 | 20180703162638.0 | ||
| 008 | 160512b xxu||||| |||| 00| 0 eng d | ||
| 020 | _a978-81-7994-520-7 | ||
| 041 | _aeng | ||
| 082 |
_b1672 _a658.15 |
||
| 100 |
_aKishore, Ravi M _91159 |
||
| 245 | _aFinancial Management | ||
| 250 | _a7TH ED. | ||
| 260 |
_aNew Delhi _bTaxmament, |
||
| 300 | _a1294P, | ||
| 650 |
_aManagement _9241 |
||
| 942 | _cBK | ||
| 999 |
_c650 _d650 |
||